| 000 | 01211cad a22002295a 4500 | ||
|---|---|---|---|
| 001 | L142017 | ||
| 008 | 080122s2008 xxkad f s 000 0 eng d | ||
| 035 | _a(Sirsi) u142017 | ||
| 041 | 0 | _aeng | |
| 050 | 0 | 4 |
_a333.337 _b218 |
| 110 | 2 |
_aSavills _92020 |
|
| 245 | 0 | 0 |
_aSavills UK commercial development activity PMI _bJanuary 2008 _h[electronic resource] |
| 260 |
_aLondon _bSavills _c2008 |
||
| 490 | 0 |
_aSavills UK Commercial Development Activity PMI _vJanuary 2008 |
|
| 520 | _aReports that activity in the commercial property sector in December fell at the fastest rate since the Survey began. The Total Commercial Development Activity Index was negative at -15.4% for the second month in a row. Approximately one quarter of construction firms reported a fall in activity, compared to one in ten which reported a rise. Lower activity levels were reported across the board. | ||
| 590 | _aKA NTK | ||
| 650 | 2 | 4 | _aSAVILLS UK COMMERCIAL DEVELOPMENT ACTIVITY PMI |
| 651 | 4 |
_aUnited Kingdom _y |
|
| 690 | _aPROPERTY-COMMERCIAL PROPERTY-COMMERCIAL PROPERTY MARKET | ||
| 856 | 4 | 0 |
_uhttps://www.savills.com/ _zView this report free of charge following registration under research at www.savills.com... |
| 942 | _n0 | ||
| 999 |
_c107829 _d107829 |
||